Jorge Manrique [ (Record no. 4974)
[ view plain ]
| 000 -LEADER | |
|---|---|
| campo de control de longitud fija | 01287njm a2200277 i 4500 |
| 001 - NÚMERO DE CONTROL | |
| campo de control | 4974 |
| 003 - IDENTIFICADOR DE NÚMERO DE CONTROL | |
| campo de control | ES-MaACL |
| 005 - FECHA Y HORA DE LA ÚLTIMA TRANSACCIÓN | |
| campo de control | 20250514193844.0 |
| 007 - CAMPO FIJO DE DESCRIPCIÓN FÍSICA--INFORMACIÓN GENERAL | |
| campo de control de longitud fija | s|r||||||||||| |
| 008 - DATOS DE LONGITUD FIJA--INFORMACIÓN GENERAL | |
| campo de control de longitud fija | 070906s1979 sp ||| g ||||||||1|nspa d |
| 100 1# - ENTRADA PRINCIPAL--NOMBRE DE PERSONA | |
| Nombre de persona | Martínez Ruiz, Florencio. |
| 9 (RLIN) | 78387 |
| 245 10 - MENCIÓN DEL TÍTULO | |
| Título | Jorge Manrique [ |
| Medio | Grabación sonora] |
| Resto del título | : llanto por un caballero moribundo / |
| Mención de responsabilidad, etc. | interviene Florencio Martínez Ruiz ; presenta Enrique Domínguez Millán. |
| 260 ## - PUBLICACIÓN, DISTRIBUCIÓN, ETC. | |
| Lugar de publicación, distribución, etc. | Madrid : |
| Nombre del editor, distribuidor, etc. | Ateneo de Madrid, |
| Fecha de publicación, distribución, etc. | 1979. |
| 300 ## - DESCRIPCIÓN FÍSICA | |
| Extensión | 1 disco (CD-DA) (47 min.) ; |
| Dimensiones | 12 cm. |
| 490 1# - MENCIÓN DE SERIE | |
| Mención de serie | V Centenario de la muerte de Jorge Manrique |
| 500 ## - NOTA GENERAL | |
| Nota general | Datos basados en la invitación. |
| 518 ## - NOTA DE FECHA/HORA Y LUGAR DE UN ACONTECIMIENTO | |
| Nota de fecha/hora y lugar de un acontecimiento | Sesión inaugural de los actos de homenaje organizados por la Academia Conquense de Artes y Letras en colaboración con el Ateneo de Madrid, grabado en el salón de actos el jueves 19 de abril de 1979, a las 20:00 h. |
| 610 24 - PUNTO DE ACCESO ADICIONAL DE MATERIA--NOMBRE DE ENTIDAD CORPORATIVA | |
| Nombre de entidad corporativa o nombre de jurisdicción como elemento de entrada | Ateneo de Madrid- |
| Subdivisión general | Actos culturales- |
| Subdivisión cronológica | 1979- |
| Subdivisión de forma | Grabaciones sonoras. |
| 9 (RLIN) | 1889 |
| 700 1# - ENTRADA AGREGADA--NOMBRE PERSONAL | |
| Nombre de persona | Domínguez Millán, Enrique |
| 9 (RLIN) | 45226 |
| 710 2# - ENTRADA AGREGADA--NOMBRE DE ENTIDAD CORPORATIVA | |
| Nombre de entidad corporativa o nombre de jurisdicción como elemento de entrada | Ateneo de Madrid. |
| 9 (RLIN) | 1875 |
| 710 2# - ENTRADA AGREGADA--NOMBRE DE ENTIDAD CORPORATIVA | |
| Nombre de entidad corporativa o nombre de jurisdicción como elemento de entrada | Academia Conquense de Artes y Letras. |
| 9 (RLIN) | 1157 |
| 830 0# - PUNTO DE ACCESO ADICIONAL DE SERIE-TÍTULO UNIFORME | |
| Título uniforme | V Centenario de la muerte de Jorge Manrique |
| 9 (RLIN) | 227681 |
| 852 ## - LOCALIZACIÓN | |
| Ubicación | ES-MaACL |
| Ubicación en estantería | Rotativo |
| Número de control de estantería | ROT 5/5/21 |
| itemnumber | 5091 |
| 942 ## - ELEMENTOS DE ENTRADA SECUNDARIOS (KOHA) | |
| Fuente del sistema de clasificación o colocación | Clasificación decimal universal |
| Tipo de ítem Koha | Archivo de ordenador en CD-ROM, CD o disquete |
| Estatus retirado | Estado de pérdida | Fuente del sistema de clasificación o colocación | Estado de daño | No para préstamo | Colección | Biblioteca de origen | Biblioteca actual | Ubicación en estantería | Fecha de adquisición | Total de préstamos | Signatura topográfica completa | Código de barras | Visto por última vez | Precio de reemplazo | Tipo de ítem Koha |
|---|---|---|---|---|---|---|---|---|---|---|---|---|---|---|---|
| Clasificación decimal universal | Archivo de la palabra | Biblioteca del Ateneo de Madrid | Biblioteca del Ateneo de Madrid | Rotativo | 17/01/2008 | ROT 5/5/21 | 1005037 | 23/02/2023 | 23/02/2023 | Archivo de ordenador en CD-ROM, CD o disquete |
